| 000 | 00684nam a2200229 4500 | ||
|---|---|---|---|
| 003 | OSt | ||
| 005 | 20240613031714.0 | ||
| 006 | a | ||
| 008 | 240613b |||||||| |||| 00| 0 eng d | ||
| 020 | _a9789710172160 | ||
| 040 |
_aDWCL-Main lib. _cOC |
||
| 082 | _aFil. 371.1 A274l 2010 | ||
| 100 | _aAgno, Lydia N. | ||
| 245 | _aLET Primer and reviewer on principles of teaching / | ||
| 260 |
_aQuezon City ; _bC & E Pub., _cc2010. |
||
| 300 |
_avii, _b83 p. ; _c25 cm. |
||
| 650 | _a1. Teachers-Philippines-Examinations, questions, etc. | ||
| 650 | _a2. Teachers-examinations-Study guides. | ||
| 650 | _a3. Teaching. | ||
| 700 | _aLydia N. Agno | ||
| 942 |
_2ddc _n0 _cBK - FIL _kFil. |
||
| 999 |
_c610 _d610 |
||